ZÁSADY PRACOVNOPRÁVNYCH PREDPISOV V ZSSR

Bibliographic Details
Main Author: Molčan, Teodor (Author)
Format: Article
Language:Slovak

MARC

LEADER 00000nab a2200000uu 4500
001 vtls011488589
003 SK-MaSNL
005 20260303160141.0
008 230222|1971 xo |||||||||||||||||slo|
015 |a SNBRB 
035 |a (urnnbn)urn:nbn:sk:snk:ar-007eee 
035 |a (uuid)c4f7f28f-5199-4bc8-b382-87bc00614d18 
035 |a urn:nbn:sk:snk-abde85 
040 |a SNKBUCL  |b slo  |c SNKBUCL  |e AACR2 
041 0 |a slo 
044 |a xo  |c SK 
100 1 |a Molčan, Teodor  |4 aut  |9 269536 
245 1 0 |a ZÁSADY PRACOVNOPRÁVNYCH PREDPISOV V ZSSR  |c Teodor Molčan 
773 0 |t Socialistické súdnictvo : časopis pre právnu prax  |g Roč. 23, č. 1 (1971), s. 41-47 
954 |a odborná, vedecká literatúra pôvodná (slovenská)  |2 lita 
958 |a OND 
958 |a EUIPO 
958 |a article18 
999 |c 2044616  |d 2046546